Catalog

Record Details

Catalog Search



Interstellar : the search for extraterrestrial ... Read More

Loeb, Abraham,(author.).

Available copies

  • 1 of 1 copy available at LARL/NWRL Consortium.
  • 1 of 1 copy available at Lake Agassiz Regional Library. (Show preferred library)

Current holds

0 current holds with 1 total copy.

Show Only Available Copies
Location Call Number / Copy Notes Barcode Shelving Location Status Due Date
Crookston Public Library 999 LOE (Text) 33500013865845 Main Available -

Record details

  • ISBN: 9780063250871
  • ISBN: 006325087X
  • Physical Description: 246 pages ; 24 cm
  • Edition: First edition.
  • Publisher: New York : Mariner Books, [2023]

Content descriptions

Bibliography, etc. Note:
Includes bibliographical references (pages ... Read More
Formatted Contents Note:
Ascending the ladder of civilizations -- The dawn ... Read More
Summary, etc.:
"In New York Times bestseller Extraterrestrial, ... Read More
Subject: Life on other planets.
Interstellar travel.
LDR 03872cam a22004458i 4500
001412849
003LARL_NWRL_CONSORTIUM
00520230907211237.0
008230316t20232023nyu e b 001 0 eng
010 . ‡a 2023008727
040 . ‡aPSt/DLC ‡beng ‡erda ‡cDLC ‡dOCO ‡dTXSCH ‡dRNL ‡dJFL ‡dNYP ‡dIMT
019 . ‡a1393208797
020 . ‡a9780063250871 ‡q(hardcover)
020 . ‡a006325087X ‡q(hardcover)
020 . ‡z9780063250901 ‡q(ebook)
035 . ‡a(OCoLC)1355011728 ‡z(OCoLC)1393208797
042 . ‡apcc
08204. ‡a576.8/39 ‡223
08200. ‡a999 ‡223/eng20230715
1001 . ‡aLoeb, Abraham, ‡eauthor.
24510. ‡aInterstellar : ‡bthe search for extraterrestrial life and our future in the stars / ‡cAvi Loeb.
250 . ‡aFirst edition.
264 1. ‡aNew York : ‡bMariner Books, ‡c[2023]
264 4. ‡c©2023
300 . ‡a246 pages ; ‡c24 cm
336 . ‡atext ‡btxt ‡2rdacontent
337 . ‡aunmediated ‡bn ‡2rdamedia
338 . ‡avolume ‡bnc ‡2rdacarrier
504 . ‡aIncludes bibliographical references (pages 229-237) and index.
5050 . ‡aAscending the ladder of civilizations -- The dawn of our interstellar future -- New telescopes for extraterrestrials -- The messenger -- Leaving Earth -- Knowledge and wisdom -- Survival of the optimists -- Our technological future -- Noah's spacecraft -- The cosmic ladder.
520 . ‡a"In New York Times bestseller Extraterrestrial, Avi Loeb, Chair of Harvard's Astronomy Department, presented a theory that shook the scientific community: our solar system, Loeb claimed, had been visited by a piece of advanced alien technology from a distant star. This provocative and persuasive argument opened thousands of minds to the vast possibilities of our universe and the existence of intelligent life beyond Earth. But a crucial question remained: now that we are aware of the existence of extraterrestrial life, what do we do next? How do we prepare ourselves for interaction with interstellar extraterrestrial civilization? How can our species become interstellar? Now, Loeb tackles these questions in a revelatory, powerful call to arms that reimagines the idea of contact with extraterrestrial civilizations. Dismantling our science-fiction fueled visions of a human and alien life meeting, Interstellar provides a realistic and practical blueprint for how such an interaction might actually occur, resetting our cultural understanding and expectation of what it means to encounter an extraterrestrial object. From breakthrough advancements in deep space probes, to awe-inspiring searches for extraterrestrial technology, to the heated debate of the existence of Unidentified Aerial Phenomena, Loeb provides a thrilling, front-row view of the monumental progress in science and technology currently preparing us for contact. He also lays out the profound implications of becoming-or not becoming-interstellar; in an urgent, eloquent appeal for more proactive engagement with the world beyond ours, he powerfully contends why we must seek out other life forms, and in the process, choose who and what we are within the universe. Combining cutting edge science, physics, and philosophy, Interstellar revolutionizes the approach to our search for extraterrestrial life and our preparation for its discovery. In this eye-opening, necessary look at our future, Avi Loeb artfully and expertly raises some of the most important questions facing us as humans, and proves, once again, that scientific curiosity is the key to our survival"-- ‡cProvided by publisher.
650 0. ‡aLife on other planets. ‡0(LARL_NWRL_CONSORTIUM)24569
650 0. ‡aInterstellar travel. ‡0(LARL_NWRL_CONSORTIUM)23334
901 . ‡a412849 ‡bOCoLC ‡c412849 ‡tbiblio ‡soclc

Additional Resources